Code D'instruction Criminelle : (Record no. 70958)
[ view plain ]
| 000 -LEADER | |
|---|---|
| fixed length control field | 01179nam a2200313 i 4500 |
| 003 - CONTROL NUMBER IDENTIFIER | |
| control field | EG-GICUC |
| 005 - DATE AND TIME OF LATEST TRANSACTION | |
| control field | 20260414161606.0 |
| 008 - FIXED-LENGTH DATA ELEMENTS--GENERAL INFORMATION | |
| fixed length control field | 260414s1920 fr fr|||| 00| 0 fre d |
| 040 ## - CATALOGING SOURCE | |
| Original cataloging agency | EG-GiCUC |
| Language of cataloging | fre |
| Transcribing agency | EG-GiCUC |
| Modifying agency | EG-GiCUC |
| Description conventions | rda |
| 041 #0 - LANGUAGE CODE | |
| Language code of text/sound track or separate title | fre |
| 082 04 - DEWEY DECIMAL CLASSIFICATION NUMBER | |
| Edition number | 21 |
| Classification number | 343.3 |
| Item number | MI . C |
| 092 04 - LOCALLY ASSIGNED DEWEY CALL NUMBER (OCLC) | |
| Edition number | 21 |
| 099 ## - LOCAL FREE-TEXT CALL NUMBER (OCLC) | |
| Classification number | Law1 10 343.3 MI . C 1920 |
| 110 ## - MAIN ENTRY--CORPORATE NAME | |
| Form subheading | Ministry of Justice, Egypt, Cairo |
| Relator term | |
| 245 10 - TITLE STATEMENT | |
| Title | Code D'instruction Criminelle : |
| Remainder of title | Des Tribunaux Indigenes Institution et Institution Cours D'assises. (Loin-4, 1905) / |
| Statement of responsibility, etc. | Ministry of Justice, Egypte . |
| 246 1# - VARYING FORM OF TITLE | |
| Title proper/short title | Code of Criminal Procedure : |
| Remainder of title | of the Egyptian Native Tribunals and Law Constituting Courts of Assize" (Law No. 4 of 1905). |
| 264 #1 - PRODUCTION, PUBLICATION, DISTRIBUTION, MANUFACTURE, AND COPYRIGHT NOTICE | |
| Place of production, publication, distribution, manufacture | cairo : |
| Name of producer, publisher, distributor, manufacturer | Government Pres, |
| Date of production, publication, distribution, manufacture, or copyright notice | 1920. |
| 300 ## - PHYSICAL DESCRIPTION | |
| Extent | 86 pages ; |
| Dimensions | 24 cm |
| 336 ## - CONTENT TYPE | |
| Source | rda content |
| Content type term | text |
| 337 ## - MEDIA TYPE | |
| Source | rda media |
| Media type term | Computer |
| 338 ## - CARRIER TYPE | |
| Source | rda carrier |
| Carrier type term | Online Resource |
| 546 ## - LANGUAGE NOTE | |
| Language note | Texte en français |
| 650 14 - SUBJECT ADDED ENTRY--TOPICAL TERM | |
| Topical term or geographic name entry element | Droit pénal |
| Source of heading or term | qrmak |
| 650 14 - SUBJECT ADDED ENTRY--TOPICAL TERM | |
| Topical term or geographic name entry element | Droit de procédure pénale |
| Source of heading or term | qrmak |
| 651 1# - SUBJECT ADDED ENTRY--GEOGRAPHIC NAME | |
| Source of heading or term | qrmak |
| 856 40 - ELECTRONIC LOCATION AND ACCESS | |
| Uniform Resource Identifier | <a href="https://fll.law.cu.edu.eg/fulltext/bks/B10-04315.pdf">https://fll.law.cu.edu.eg/fulltext/bks/B10-04315.pdf</a> |
| 905 ## - Cataloger and Reviser Names | |
| Cataloger Name: | Farha Tarek |
| Revisor Name: | Hassnaa |
| 942 ## - ADDED ENTRY ELEMENTS (KOHA) | |
| Source of classification or shelving scheme | Dewey Decimal Classification |
| Koha item type | Books |
| Edition | 21 |
| Suppress in OPAC | No |
| Withdrawn status | Lost status | Source of classification or shelving scheme | Damaged status | Not for loan | Collection | Home library | Current library | Date acquired | Total checkouts | Full call number | Barcode | Date last seen | Copy number | Price effective from | Koha item type |
|---|---|---|---|---|---|---|---|---|---|---|---|---|---|---|---|
| Dewey Decimal Classification | Not for loan | القانون الجنائي | جــــامعة القــاهرة | مكتبة كلية الحقوق - المبنى الرئيسي | 14.04.2026 | Law1 10 343.3 MI . C 1920 1004315 C1 | B10-04315 | 14.04.2026 | 1 | 14.04.2026 | Books | ||||
| Dewey Decimal Classification | القانون الجنائي | جــــامعة القــاهرة | مكتبة كلية الحقوق - المبنى الرئيسي | 27.04.2026 | Law1 10 343.3 MI . C 1920 1011964 C2 | B10-11964 | 27.04.2026 | 2 | 27.04.2026 | Books |